Honduras DD. HH.: una década de violaciones
Na minha lista:
| Formato: | Texto |
|---|---|
| Idioma: | Spanish |
| Tags: |
Adicionar Tag
Sem tags, seja o primeiro a adicionar uma tag!
|
MARC
| LEADER | 00000 a a2200000 04500 | ||
|---|---|---|---|
| 001 | 370 | ||
| 003 | cru CIDCACS/IIS | ||
| 005 | 20191023114341.0 | ||
| 008 | 191023b ||||| |||| 00| 0 spa d | ||
| 999 | |c 42523 |d 42523 | ||
| 040 | |c cru CIDCACS/IIS | ||
| 245 | 0 | |a Honduras DD. HH.: |b una década de violaciones | |
| 300 | |a página 2 | ||
| 773 | 0 | |0 42391 |9 3635 |a Agencia Latinoamericana de Información, ALAI |d Quito, Ecuador: ALAI |o 06963 |t ALAI: |x 08275564 (Servicio mensual de información y documentación) | |
| 942 | |2 ddc |c PP | ||
